Music Quiz

Random Music or Missing Word Quiz

101 Song 'A' Words Quiz Stats

 Plays Quiz Updated Dec 16, 2017

Challenge
Share
Tweet
Embed
Score 0/101 Timer 15:00
8 Plays Today
% Correct
At
85.3%
Another
85.2%
Away
85%
Are
84.9%
Alabama
84.9%
Alive
84.5%
About
84.4%
Arms
84.2%
Apart
84.1%
Anything
84.1%
An
84%
Achy
83.6%
After
83.6%
A
83.6%
And
83.5%
Attract
82.4%
Against
82.3%
Ask
81.9%
Anymore
80.4%
Amazing
76.7%
Argentina
76.7%
All
76%
Ages
75.2%
Anybody
75%
Am
74.9%
Auld
74.6%
Alone
74%
Ago
73.4%
Air
72.5%
Along
72%
Ann
71.3%
Anthem
70.6%
Armed
69.5%
Afternoon
69.2%
% Correct
Awake
68.5%
Addicted
68%
Ain't
67.6%
Almost
67.5%
Al
67%
Affair
66.2%
American
66%
Armour
66%
Alright
65.5%
Around
65.5%
Agent
64.8%
Amadeus
64.7%
America
64.5%
Amour
64.2%
Any
63.7%
Avenue
63.2%
Again
61.9%
Attack
61%
Apple
60.9%
Airliner
59.3%
Aah...
59.2%
Angels
58.4%
Across
57.5%
Always
56.7%
Alaska
55.9%
Ahab
55.6%
Awhile
55.1%
Already
52.4%
Alarm
52.2%
Americans
52.1%
Annie's
51.4%
Amazed
51%
Adventure
48.9%
Answer
48.6%
% Correct
Apples
48.6%
Asked
48.5%
Anniversary
46.8%
Abraham
46.4%
Adult
45.8%
Accidentally
44.8%
Angry
44.6%
Age
44.4%
Adore
44.3%
Albert
43.2%
Adored
40.2%
Airwaves
40%
Adrift
39.5%
Arrow
37.8%
Afraid
37.4%
Axel
36.9%
Alice
36.7%
According
36.6%
Amy
31%
Area
30.9%
Amie
29.6%
Alphabet
23.2%
Amos
23%
Authority
22.5%
Alley
22%
Ads
20.7%
Auto-Tune
19.8%
Absolutely
18%
Appeal
13.3%
Addams
12.2%
Acclaim
11.2%
Ayer
10.7%
Attitude
8.7%

You're not logged in!

Compare scores with friends on all Sporcle quizzes.
OR
Log In

You Might Also Like...

Show Comments

Extras

Top Quizzes Today


Score Distribution

Your Account Isn't Verified!

In order to create a playlist on Sporcle, you need to verify the email address you used during registration. Go to your Sporcle Settings to finish the process.

Report this User

Report this user for behavior that violates our Community Guidelines.

Details: